[Event "Muensterland Verbandsklasse playoff 5-8"]
[Site "Germany"]
[Date "2023.04.22"]
[Round "2.6"]
[White "Naber, Wolfgang"]
[Black "Glotzbach, Thomas"]
[Result "0-1"]
[WhiteElo "1602"]
[BlackElo "1746"]
[PlyCount "116"]
[EventDate "2023.03.11"]
[EventType "team-k.o."]
[EventRounds "2"]
[EventCountry "GER"]
[SourceTitle "EXT 2024"]
[Source "ChessBase"]
[SourceDate "2023.10.10"]
[SourceVersion "1"]
[SourceVersionDate "2023.10.10"]
[SourceQuality "1"]
[WhiteTeam "Gronau II"]
[BlackTeam "Muenster Indische Dame"]
[WhiteTeamCountry "GER"]
[BlackTeamCountry "GER"]

1. Nf3 d5 2. c4 c6 3. e3 Nf6 4. b3 g6 5. Bb2 Bg7 6. d4 0-0 7. Nc3 b6 8. Bd3 Nbd7 9. 0-0 Bb7 10. cxd5 cxd5 11. Qe2 Ne4 12. Rac1 a6 13. Nd2 Nxd2 14. Qxd2 Nf6 15. f3 b5 16. Bb1 Bh6 17. f4 Qd6 18. Rf3 e6 19. Rh3 Bg7 20. Rf3 Rac8 21. Rff1 Rc7 22. Ne2 Rfc8 23. Rxc7 Rxc7 24. Rc1 Qb6 25. h3 h5 26. Ba3 Rxc1+ 27. Qxc1 b4 28. Bb2 Bf8 29. Qc2 Ne4 30. Qd1 Bc6 31. Bxe4 dxe4 32. Qc2 Qb7 33. Qd2 Bb5 34. Ng3 Bd3 35. Qc1 a5 36. Ba1 Bd6 37. d5 Qc7 38. Qb2 Qc3 39. dxe6 Qxb2 40. exf7+ Kxf7 41. Bxb2 Ke6 42. Kf2 Bc5 43. Bd4 Bxd4 44. exd4 Kd5 45. Ke3 Bb1 46. Ne2 Bxa2 47. Nc1 Bb1 48. g3 Bc2 49. Kd2 Bb1 50. Ke3 a4 51. bxa4 Bc2 52. Na2 b3 53. Nb4+ Kc4 54. Nxc2 bxc2 55. Kd2 Kb3 56. Kc1 Kc3 57. d5 e3 58. d6 e2 0-1

[Event "Muensterland Verbandsklasse 1920"]
[Site "Germany"]
[Date "2019.11.16"]
[Round "3.4"]
[White "Lachmuth, Mathias"]
[Black "Glotzbach, Thomas"]
[Result "1/2-1/2"]
[WhiteElo "1656"]
[BlackElo "1777"]
[PlyCount "48"]
[EventDate "2019.09.14"]
[EventType "team-tourn"]
[EventRounds "7"]
[EventCountry "GER"]
[SourceTitle "EXT 2023"]
[Source "ChessBase"]
[SourceDate "2022.10.05"]
[SourceVersion "1"]
[SourceVersionDate "2022.10.05"]
[SourceQuality "1"]
[WhiteTeam "Reckenfeld"]
[BlackTeam "Muenster Indische Dame"]
[WhiteTeamCountry "GER"]
[BlackTeamCountry "GER"]

1. Nf3 d5 2. b3 Nf6 3. Bb2 g6 4. e3 Bg7 5. d4 c5 6. Nbd2 cxd4 7. Nxd4 0-0 8. c4 Re8 9. Be2 e5 10. N4f3 Nc6 11. cxd5 Nxd5 12. e4 Nf4 13. 0-0 Nxe2+ 14. Qxe2 b6 15. Rfd1 Qf6 16. a3 Bb7 17. Qe3 Rad8 18. Nc4 Qe6 19. Ng5 Qe7 20. Nf3 Rd7 21. Qg5 Qxg5 22. Nxg5 Red8 23. Rxd7 Rxd7 24. Nf3 f6 1/2-1/2

[Event "Muensterland Verbandsklasse 1718"]
[Site "Germany"]
[Date "2017.09.16"]
[Round "1.5"]
[White "Bahr, Maximilian"]
[Black "Glotzbach, Thomas"]
[Result "0-1"]
[WhiteElo "1679"]
[BlackElo "1750"]
[PlyCount "38"]
[EventDate "2017.09.16"]
[EventType "team-tourn"]
[EventRounds "9"]
[EventCountry "GER"]
[SourceTitle "EXT 2019"]
[Source "ChessBase"]
[SourceDate "2018.10.10"]
[SourceVersion "1"]
[SourceVersionDate "2018.10.10"]
[SourceQuality "1"]
[WhiteTeam "Emsdetten Rochade III"]
[BlackTeam "Muenster Indische Dame"]
[WhiteTeamCountry "GER"]
[BlackTeamCountry "GER"]

1. d4 Nf6 2. c4 e6 3. Nc3 d5 4. Nf3 c6 5. Bf4 dxc4 6. e3 Nd5 7. Bxc4 Nxf4 8. exf4 Bd6 9. Ne5 Qc7 10. 0-0 0-0 11. Qg4 Be7 12. Rfe1 Kh8 13. Qg3 Nd7 14. f5 Nxe5 15. dxe5 exf5 16. Rad1 Be6 17. Bd3 g6 18. f4 Qb6+ 19. Qf2 Bc5 0-1

[Event "Muensterland Verbandsliga 1415"]
[Site "Germany"]
[Date "2014.12.20"]
[Round "5.5"]
[White "Boerger, Andreas"]
[Black "Glotzbach, Thomas"]
[Result "1-0"]
[WhiteElo "1799"]
[BlackElo "1745"]
[PlyCount "77"]
[EventDate "2014.09.06"]
[EventType "team-tourn"]
[EventRounds "9"]
[EventCountry "GER"]
[SourceTitle "EXT 2016"]
[Source "ChessBase"]
[SourceDate "2015.10.08"]
[SourceVersion "1"]
[SourceVersionDate "2015.10.08"]
[SourceQuality "1"]
[WhiteTeam "Muenster IV"]
[BlackTeam "Muenster Indische Dame"]
[WhiteTeamCountry "GER"]
[BlackTeamCountry "GER"]

1. c4 e5 2. e4 Nf6 3. Nc3 d6 4. d3 c6 5. Be2 d5 6. exd5 cxd5 7. Bf3 dxc4 8. dxc4 Qxd1+ 9. Bxd1 Bb4 10. Bd2 0-0 11. a3 Bxc3 12. Bxc3 Ne4 13. Bb4 Re8 14. f3 Nf6 15. Ne2 Nc6 16. Bc3 Be6 17. b3 Rad8 18. 0-0 Bf5 19. f4 Bd3 20. fxe5 Nxe5 21. Re1 Neg4 22. Nf4 Rxe1+ 23. Bxe1 Ne3 24. Bh4 Nf5 25. Bxf6 gxf6 26. Nxd3 Rxd3 27. Bc2 Rc3 28. Bxf5 Rxb3 29. Be4 b6 30. a4 Rb4 31. Bd5 a5 32. Kf2 Kf8 33. Ke3 Ke7 34. Kd4 Rb2 35. Kc3 Rb4 36. Bc6 f5 37. Rf1 Ke6 38. Rf2 Ke5 39. Rb2 1-0

[Event "Muensterland Verbandsliga 1314"]
[Site "Germany"]
[Date "2014.01.18"]
[Round "5.7"]
[White "Ruhe, Johannes"]
[Black "Glotzbach, Thomas"]
[Result "1-0"]
[WhiteElo "1966"]
[BlackElo "1730"]
[PlyCount "111"]
[EventDate "2013.09.07"]
[EventType "team-tourn"]
[EventRounds "9"]
[EventCountry "GER"]
[SourceTitle "EXT 2015"]
[Source "ChessBase"]
[SourceDate "2014.11.20"]
[SourceVersion "1"]
[SourceVersionDate "2014.11.20"]
[SourceQuality "1"]
[WhiteTeam "Beelen"]
[BlackTeam "Muenster Indische Dame"]
[WhiteTeamCountry "GER"]
[BlackTeamCountry "GER"]

1. e4 e6 2. d4 d5 3. Nc3 dxe4 4. Nxe4 Nd7 5. Nf3 Ngf6 6. Bd3 Nxe4 7. Bxe4 Nf6 8. Bd3 c5 9. 0-0 Qb6 10. c3 Be7 11. dxc5 Bxc5 12. b4 Be7 13. Be3 Qc7 14. Bd4 b6 15. Be5 Qd8 16. Nd4 Bd7 17. Ba6 0-0 18. Bb7 a6 19. Bxa8 Qxa8 20. Qf3 Qc8 21. a3 Qc4 22. Qb7 Bd8 23. Bxf6 Bc8 24. Qc6 Qxc6 25. Nxc6 Bxf6 26. Rfd1 e5 27. Rd6 Be6 28. Re1 h6 29. Nxe5 Rc8 30. Nc6 Kh7 31. Re3 Bg5 32. Re4 Bf5 33. Red4 Be6 34. f4 Bf6 35. Rd3 Bc4 36. Re3 Be6 37. h3 h5 38. Kf2 a5 39. bxa5 bxa5 40. Nd4 Bxd4 41. cxd4 Rc2+ 42. Kg3 Rd2 43. Kf3 Bc4 44. g4 hxg4+ 45. hxg4 a4 46. Ke4 g6 47. Ke5 Kg7 48. g5 Ra2 49. Rd8 Rh2 50. d5 Bb3 51. Kd6 Rd2 52. Kc5 Rc2+ 53. Kb5 Rd2 54. Kc5 Rc2+ 55. Kb6 Rd2 56. Ree8 1-0

[Event "Muensterland Verbandsliga 1314"]
[Site "Germany"]
[Date "2013.11.16"]
[Round "3.6"]
[White "Glotzbach, Thomas"]
[Black "Rotterdam, Bernhard"]
[Result "1-0"]
[WhiteElo "1730"]
[BlackElo "1588"]
[PlyCount "51"]
[EventDate "2013.09.07"]
[EventType "team-tourn"]
[EventRounds "9"]
[EventCountry "GER"]
[SourceTitle "EXT 2015"]
[Source "ChessBase"]
[SourceDate "2014.11.20"]
[SourceVersion "1"]
[SourceVersionDate "2014.11.20"]
[SourceQuality "1"]
[WhiteTeam "Muenster Indische Dame"]
[BlackTeam "Ochtrup"]
[WhiteTeamCountry "GER"]
[BlackTeamCountry "GER"]

1. e4 e5 2. Nf3 Nc6 3. Bc4 Bc5 4. c3 Nf6 5. d3 h6 6. 0-0 d6 7. b4 Bb6 8. Qb3 0-0 9. a4 a6 10. h3 Qe7 11. Re1 Be6 12. Nbd2 Bxc4 13. Qxc4 Rfe8 14. d4 Qd7 15. Bb2 d5 16. exd5 Nxd5 17. dxe5 Re6 18. Re2 Rae8 19. Rae1 Nce7 20. a5 Ba7 21. Re4 Ng6 22. Nb3 Rc6 23. Qd3 Qe6 24. Nfd4 Ndf4 25. Qf3 Bxd4 26. Nxd4 1-0